Statistics for 15 Largest Cities in the United Kingdom🇬🇧

Click here to take the quiz!

General Stats

  • This quiz has been taken 133 times
  • The average score is 11 of 15

Answer Stats

PopulationCity% Correct
7.5 milLondon
100%
864kLiverpool
98%
395kManchester
98%
464kEdinburgh
97%
984kBirmingham
95%
591kGlasgow
95%
455kLeeds
86%
447kCardiff
84%
617kBristol
82%
508kLeicester
67%
729kNottingham
62%
685kSheffield
62%
359kCoventry
50%
372kStoke-on-Trent
35%
335kSunderland
25%

Score Distribution

Percentile by Number Answered

Percent of People with Each Score

Your Score History

You have not taken this quiz